[Event "16th TCh-RUS HL"]
[Site "Dagomys RUS"]
[Date "2009.04.07"]
[Round "6"]
[White "Nikolaev,Niki"]
[Black "Papin,V"]
[Result "0-1"]
[WhiteElo "2423"]
[BlackElo "2462"]

1.Nf3 d5 2.g3 Nf6 3.Bg2 c6 4.c4 Bf5 5.b3 e6 6.Bb2 h6 7.O-O Be7 8.d3 O-O 9.Nbd2 Nbd7
10.Qc2 a5 11.e4 dxe4 12.Nxe4 Nxe4 13.dxe4 Bh7 14.Rad1 Qc7 15.Bc3 Rfd8 16.Qb2 Bf8
17.Ne5 Nc5 18.Qe2 f6 19.Ng4 e5 20.h4 b6 21.Kh2 h5 22.Ne3 Nxe4 23.Bxe4 Bxe4
24.Qxh5 Qf7 25.Qe2 Bc5 26.f3 Bh7 27.Rxd8+ Rxd8 28.Rd1 Rxd1 29.Nxd1 Qg6 30.Nf2 Qb1
31.Kg2 Bc2 32.Qd2 Qxa2 33.Ne4 Bf8 34.c5 bxc5 35.Bxa5 Qxb3 36.h5 Bxe4 37.fxe4 Qc4
38.Kf3 Qe6 39.Qc2 Kh7 40.g4 c4 41.Qd2 Bc5 42.Bc3 Qf7 43.Kg2 Qa7 44.g5 Be3
45.Qd8 Qa2+ 46.Kh3 Qf2  0-1

[Event "ch-DEN"]
[Site "Silkeborg DEN"]
[Date "2009.04.07"]
[Round "4"]
[White "Petersen,M"]
[Black "Akdag,D"]
[Result "0-1"]
[WhiteElo "1974"]
[BlackElo "2199"]

1.Nf3 d5 2.g3 Nf6 3.Bg2 Bg4 4.d4 e6 5.O-O Be7 6.c4 c6 7.Qb3 Qb6 8.Nbd2 O-O
9.h3 Bh5 10.cxd5 Nxd5 11.e4 Nf6 12.Qxb6 axb6 13.g4 Bg6 14.Ne5 Rd8 15.Nxg6 hxg6
16.Nb3 Na6 17.Bf4 Rd7 18.a3 Rad8 19.Be5 Nh7 20.Bg3 g5 21.f4 gxf4 22.Bxf4 Nf8
23.Be3 Nc7 24.Nd2 c5 25.d5 exd5 26.exd5 Nxd5 27.Bxd5 Rxd5 28.Nc4 b5 29.Na5 R8d7
30.Nb3 Ne6 31.Rae1 b6 32.Nc1 Bf6 33.Re2 Nd4 34.Ref2 Re7 35.Bf4 Bh4 36.Rg2 Ne6
37.Bg3 Bf6 38.Re2 Red7 39.Kg2 Rd1 40.Rfe1 Rxe1 41.Rxe1 Bxb2  0-1

[Event "FSFMB April"]
[Site "Budapest HUN"]
[Date "2009.04.09"]
[Round "6"]
[White "Mihajlova,D"]
[Black "Farkas,R"]
[Result "0-1"]
[WhiteElo "1553"]
[BlackElo "1709"]

1.Nf3 d5 2.g3 Bg4 3.Bg2 c6 4.O-O Nf6 5.d4 Nbd7 6.Bf4 e6 7.Nbd2 Nb6 8.Re1 c5
9.Nf1 Rc8 10.Qd2 Nc4 11.Qc3 Bxf3 12.Bxf3 cxd4 13.Qxd4 Bc5 14.Qc3 Qb6 15.e3 Bb4
16.Qb3 Bxe1 17.Qxb6 Bxf2+ 18.Kxf2 Nxb6 19.c3 h6 20.Bd6 Nc4 21.Bb4 Nxb2 22.Be2 Ne4+
23.Kg2 f6 24.Bb5+ Kf7 25.Rb1 Nc4 26.Bxc4 Rxc4 27.Rb3 Rhc8 28.Kf3 b6 29.a4 a5
30.Bxa5 bxa5 31.Rb7+ R8c7 32.Rb5 Rxa4 33.Rb2 Ra1 34.Kg2 Rxc3 35.h4 Rcc1 36.Rb7+ Kg6
37.h5+ Kh7 38.Nh2 Ng5 39.Ng4 Rc2+ 40.Nf2 Ne4  0-1

[Event "10th TCh-RUS w"]
[Site "Dagomys RUS"]
[Date "2009.04.09"]
[Round "7"]
[White "Vasilevich,I"]
[Black "Romanko,M"]
[Result "1/2-1/2"]
[WhiteElo "2350"]
[BlackElo "2466"]

1.Nf3 d5 2.g3 c5 3.Bg2 Nc6 4.d4 e6 5.O-O Nf6 6.b3 Be7 7.Bb2 O-O 8.Nbd2 b6
9.c4 Bb7 10.e3 cxd4 11.exd4  1/2-1/2

[Event "Foxwoods Open"]
[Site "Ledyard USA"]
[Date "2009.04.09"]
[Round "2"]
[White "Adu,O"]
[Black "Sadvakasov,D"]
[Result "0-1"]
[WhiteElo "2294"]
[BlackElo "2619"]

1.Nf3 d5 2.g3 Bg4 3.Bg2 Nd7 4.O-O e6 5.d3 Bd6 6.Nbd2 Ne7 7.b3 O-O 8.Bb2 a5
9.a3 c5 10.e4 a4 11.h3 Bh5 12.g4 Bg6 13.e5 Bc7 14.Qe2 Nc6 15.Rfc1 Qb8 16.b4 cxb4
17.d4 b5 18.axb4 Nxb4 19.Nb1 Nc6 20.c3 Na5 21.Na3 Nb3 22.Nxb5 Nb6 23.Na3 Rc8
24.Nd2 Nxa1 25.Bxa1 Bd8 26.c4 Nxc4 27.Ndxc4 dxc4 28.Nxc4 Ra7 29.Rd1 Qb5 30.Bf1 Rac7
31.Nd6 Qxe2 32.Bxe2 Rb8 33.Bb5 Bc2  0-1

[Event "Foxwoods Open"]
[Site "Ledyard USA"]
[Date "2009.04.09"]
[Round "3"]
[White "Yermolinsky,A"]
[Black "Van Wely,L"]
[Result "1/2-1/2"]
[WhiteElo "2522"]
[BlackElo "2622"]

1.Nf3 d5 2.g3 Nf6 3.Bg2 Bf5 4.O-O e6 5.d3 h6 6.c4 c6 7.cxd5 exd5 8.Nd4 Bg6
9.e4 dxe4 10.dxe4 Bc5 11.Be3 Na6 12.Nc3 O-O 13.e5 Nd7 14.e6 Nf6  1/2-1/2

[Event "11th European Senior Team"]
[Site "Velden AUT"]
[Date "2009.04.09"]
[Round "5"]
[White "Isopp,M"]
[Black "Kverndal,L"]
[Result "1/2-1/2"]
[WhiteElo "1971"]
[BlackElo "1941"]

1.Nf3 d5 2.g3 g6 3.Bg2 Bg7 4.O-O Nf6 5.d3 O-O 6.Nbd2 c5 7.e4 Nc6 8.Re1 d4
9.h3 e5 10.a3 Nh5 11.Rf1 Kh8 12.Kh2 Qc7 13.Nb3 b6 14.g4 Nf4 15.Bxf4 exf4
16.Nbd2  1/2-1/2

[Event "FSFMA April"]
[Site "Budapest HUN"]
[Date "2009.04.10"]
[Round "7"]
[White "Borda,L"]
[Black "Bodrogi,L"]
[Result "1/2-1/2"]
[WhiteElo "2118"]
[BlackElo "2050"]

1.Nf3 d5 2.g3 c5 3.Bg2 Nc6 4.d4 Nf6 5.O-O e6 6.b3 cxd4 7.Nxd4 Bc5 8.Nxc6 bxc6
9.c4 O-O 10.Qc2 Qe7 11.Nc3 Ba6 12.Bb2 Ba3 13.Bxa3 Qxa3  1/2-1/2

[Event "47th Doeberl Cup Premier"]
[Site "Canberra AUS"]
[Date "2009.04.10"]
[Round "3"]
[White "Lukman,R"]
[Black "Flitney,A"]
[Result "1-0"]
[WhiteElo "2254"]
[BlackElo "1980"]

1.Nf3 d5 2.g3 Nf6 3.Bg2 Nc6 4.c4 e5 5.cxd5 Nxd5 6.d3 f6 7.Nc3 Be6 8.O-O Qd7
9.d4 Nxc3 10.bxc3 O-O-O 11.Be3 e4 12.Nd2 f5 13.Qa4 Be7 14.Rfd1 g5 15.d5 Bxd5
16.c4 Bf7 17.Nxe4 Qe6 18.Nxg5 Bxg5 19.Bxg5 Rxd1+ 20.Rxd1 Qxe2 21.Bxc6 bxc6
22.Qa6+  1-0

[Event "47th Doeberl Cup Premier"]
[Site "Canberra AUS"]
[Date "2009.04.10"]
[Round "3"]
[White "Chan,Jas"]
[Black "Wright,N"]
[Result "1/2-1/2"]
[WhiteElo "2056"]
[BlackElo "2208"]

1.Nf3 d5 2.g3 Bg4 3.Bg2 c6 4.O-O Nd7 5.d3 Ngf6 6.Nbd2 e5 7.e4 Bd6 8.h3 Bh5
9.Qe1 Qc7 10.Nh4 Bg6 11.Qe2 O-O-O 12.a3 Rhe8 13.b4 Nf8 14.Nb3 Ne6 15.c3 Qb6
16.Qc2 Be7 17.Re1 Kb8 18.Bb2 Nh5 19.Nxg6 hxg6 20.Kh2 f6 21.a4 Rh8 22.a5 Qc7
23.Kg1 Qd7 24.exd5 cxd5 25.d4 Nef4 26.gxf4 Nxf4 27.Re3 Rh5 28.Rg3 Rdh8 29.f3 f5
30.Bc1 Bh4 31.Bxf4 exf4 32.Rxg6 Qf7 33.Rd6 Kc7 34.Rb6 axb6 35.axb6+ Kd8 36.Nc5 Ke7
37.Ra7 Kf6 38.Rxb7 Qe8 39.Nd7+ Kg6 40.Ne5+ Kh7 41.Qa2 Qb5 42.Rxg7+ Kxg7 43.Qa7+ Kh6
44.Nf7+ Kg6 45.Ne5+ Kh6 46.Nf7+ Kg6 47.Ne5+ Kh6  1/2-1/2

[Event "XXXII Open"]
[Site "Donostia San Sebastian ESP"]
[Date "2009.04.10"]
[Round "8"]
[White "Camacho Collados,J"]
[Black "Trigo Urquijo,S"]
[Result "1-0"]
[WhiteElo "2379"]
[BlackElo "2216"]

1.Nf3 d5 2.g3 c6 3.Bg2 Bg4 4.c4 e6 5.cxd5 exd5 6.O-O Nf6 7.d3 Bd6 8.h3 Bh5
9.e4 dxe4 10.dxe4 Be7 11.Qc2 O-O 12.Nc3 Na6 13.Ne5 Qd4 14.Nd3 Rfd8 15.Nf4 Nb4
16.Qb3 Bg6 17.Be3 Qe5 18.a3 Nd3 19.Qxb7 Rab8 20.Qxc6 Nxb2 21.Nxg6 hxg6 22.Bf4 Qc5
23.Qxc5 Bxc5 24.Bxb8 Rxb8 25.Rfb1 Rb6 26.Ra2 Nd3 27.Rxb6 axb6 28.Na4 Nc1
29.Rc2 Bxa3 30.Nxb6 Nd3 31.Rc3 Bc5 32.Na4  1-0

[Event "Open"]
[Site "Las Palmas ESP"]
[Date "2009.04.10"]
[Round "7"]
[White "Javakhadze,Z"]
[Black "Traunwieser,G"]
[Result "0-1"]
[WhiteElo "2288"]
[BlackElo "2107"]

1.Nf3 d5 2.g3 c6 3.Bg2 g6 4.O-O Bg7 5.d3 Nf6 6.Nbd2 O-O 7.c3 Re8 8.Qc2 e5
9.e4 dxe4 10.dxe4 Qc7 11.h3 b6 12.Rd1 Ba6 13.a4 Rd8 14.Bf1 Bxf1 15.Kxf1 Qd7
16.Kg2 Ne8 17.b4 Na6 18.Bb2 Qe6 19.Nf1 Nd6 20.N1d2 h6 21.Qd3 Nc7 22.Qe2 a5
23.Ne1 Na6 24.bxa5 bxa5 25.Ba3 Bf8 26.Rab1 Nxe4 27.Qxe4 Bxa3 28.Nc4 Bf8 29.Rxd8 Rxd8
30.Nxa5 Nc5 31.Qxc6 Qa2 32.Rb6 Rd2 33.Qf3 e4 34.Qf4 g5 35.Qe3 Re2 36.Qd4 Rxe1
37.Rb8 e3 38.Rxf8+ Kxf8 39.Qh8+ Ke7 40.Nc6+ Kd6 41.Qd8+ Kxc6 42.Qc8+ Kd6
43.Qf8+ Kd7 44.Qxf7+ Qxf7  0-1

[Event "LV Abierto Mexicano"]
[Site "Toluca MEX"]
[Date "2009.04.10"]
[Round "4"]
[White "Pina Vega,S"]
[Black "Mitkov,N1"]
[Result "0-1"]
[WhiteElo "2262"]
[BlackElo "2530"]

1.Nf3 d5 2.g3 Bg4 3.Bg2 Nd7 4.d3 e6 5.O-O Bd6 6.Nbd2 Ne7 7.e4 O-O 8.Qe1 c6
9.h3 Bh5 10.Nh2 e5 11.f4 exf4 12.gxf4 Ng6 13.e5 Bc5+ 14.Kh1 Nh4 15.Nb3 Nf5
16.Nxc5 Nxc5 17.Ng4 Ne6 18.c3 Bg6 19.d4 Kh8 20.Ne3 Nxe3 21.Bxe3 Bf5 22.Kh2 f6
23.Rg1 a5 24.Rd1 a4 25.Rd2 Rf7 26.Qg3 Qe7 27.Bf3 Raf8 28.Rf2 fxe5 29.fxe5 Be4
30.Rgf1 Bxf3 31.Rxf3 Rxf3 32.Rxf3 Rxf3 33.Qxf3 Kg8 34.Qg4 Qf7 35.b3 axb3
36.axb3 h5 37.Qg2 Qf5 38.h4 Kh7 39.Qe2 Kg6 40.Qg2+ Kf7 41.Qe2 Ke7 42.Qd2 Qf3
43.Bg5+ Kf7 44.Be3 Kg8 45.Bg5 b6 46.b4 Kf7 47.Be3 Nc7 48.Qe1 Nb5 49.Bd2 Ke6
50.Qg3 Qxg3+ 51.Kxg3 Kf5 52.Kf3 Na3 53.Be1 Nc4 54.Ke2 Kg4 55.Bd2 Kxh4 56.e6 Kg4
57.e7 Nd6 58.c4 b5 59.c5 Ne8 60.Kf2 Nf6 61.Kg2 Kf5 62.Kf3 g5 63.Be1 Ke6 64.Bd2 g4+
65.Kf4 Kxe7  0-1

[Event "11th European Senior Team"]
[Site "Velden AUT"]
[Date "2009.04.10"]
[Round "6"]
[White "Blaeser,R"]
[Black "Badestein,H"]
[Result "0-1"]
[WhiteElo "2235"]
[BlackElo "2195"]

1.Nf3 d5 2.g3 Nf6 3.Bg2 g6 4.d3 Bg7 5.Nbd2 O-O 6.O-O d4 7.e4 dxe3 8.fxe3 Nc6
9.Rb1 Be6 10.a3 Qc8 11.Re1 Ng4 12.Ng5 Bd7 13.Nb3 Nf6 14.d4 h6 15.Ne4 Nxe4
16.Bxe4 Nd8 17.Bf3 Ne6 18.e4 Ng5 19.Bxg5 hxg5 20.Nc5 b6 21.Nxd7 Qxd7 22.e5 Rad8
23.c3 e6 24.b4 Qe7 25.Rb2 c5 26.bxc5 bxc5 27.Qa4 cxd4 28.cxd4 Rb8 29.Reb1 Rxb2
30.Rxb2 g4 31.Rb7 Qg5 32.Bc6 Qc1+ 33.Kg2 Rc8 34.d5 exd5 35.Qxg4 Qxc6 36.Rxa7 d4+
37.Qf3 Qxf3+ 38.Kxf3 Bxe5 39.Ke4 Bf6 40.Kd3 Rc3+ 41.Kd2 Bg5+ 42.Kd1  0-1

[Event "FSFMB April"]
[Site "Budapest HUN"]
[Date "2009.04.11"]
[Round "8"]
[White "Mihajlova,D"]
[Black "Burgisser,C"]
[Result "0-1"]
[WhiteElo "1553"]
[BlackElo "1741"]

1.Nf3 d5 2.g3 Nf6 3.b3 Bf5 4.Bg2 c5 5.d3 Nc6 6.Bb2 Qc7 7.Nbd2 e5 8.O-O Bd6
9.e4 dxe4 10.dxe4 Nxe4 11.Re1 Nxd2 12.Qxd2 O-O 13.Nh4 Bd7 14.Rad1 Nd4 15.c3 Be7
16.cxd4 Bxh4 17.gxh4 exd4 18.Rc1 Qb6 19.Bc3 Be6 20.Ba5 Qb5 21.Bc7 Rac8 22.Bd6 Rfd8
23.Be7 Rd7 24.Bf1 Qb6 25.Bg5 Bd5 26.Qe2 h6 27.Bh3 Be6 28.Bxe6 Qxe6 29.Qh5 Qf5
30.f4 hxg5 31.Qxg5 Qxg5+ 32.hxg5 b6 33.Re5 d3 34.Rd1 b5 35.Kf2 c4 36.Ke3 c3
37.Rxd3 Rxd3+ 38.Kxd3 c2 39.Re8+ Rxe8 40.Kxc2  0-1

[Event "11th European Senior Team"]
[Site "Velden AUT"]
[Date "2009.04.11"]
[Round "7"]
[White "Rety,J"]
[Black "Fritsch,J"]
[Result "1/2-1/2"]
[WhiteElo "1903"]
[BlackElo "2011"]

1.Nf3 d5 2.g3 Bf5 3.c4 Bxb1 4.Rxb1 c6 5.Qc2 e6 6.Bg2 Nf6 7.O-O Be7 8.b4 O-O
9.c5 Nbd7 10.d4 Ne4 11.Nd2 Nxd2 12.Bxd2 Bf6 13.Bc3 g6 14.a4 b5 15.axb5 cxb5
16.Ra1 Qc7 17.Ra5 a6 18.Rfa1 Qc6 19.e4 Bd8 20.R5a3 Nf6 21.f3 Ne8 22.Bd2 Nd6
23.Bh6 Re8 24.Qa2 Nc4 25.Rxa6 Rxa6 26.Qxa6 Qxa6 27.Rxa6 Bf6 28.e5 Be7 29.Bc1 Rb8
30.f4 Kf8 31.Kf2 Ke8 32.Ra7 Bd8 33.Ke2 h5 34.h3 Rc8 35.g4 hxg4 36.hxg4 Rc7
37.Ra6 Kd7 38.f5 gxf5 39.gxf5 Rc6 40.Rxc6 Kxc6 41.f6 Kd7 42.Bf3 Bc7 43.Kd3 Ke8
44.Kc3 Kd7 45.Be2 Kc8 46.Bh6 Bb8 47.Bf4 Bc7 48.Bxc4 dxc4  1/2-1/2

[Event "11th European Senior Team"]
[Site "Velden AUT"]
[Date "2009.04.13"]
[Round "9"]
[White "Pitt,W"]
[Black "Denda,R"]
[Result "1/2-1/2"]
[WhiteElo "2056"]
[BlackElo "2066"]

1.Nf3 d5 2.g3 c6 3.Bg2 Bf5 4.d3 Qc8 5.O-O Bh3 6.b3 Bxg2 7.Kxg2 Nf6 8.Bb2 Nbd7
9.c4 e6 10.Nbd2 Be7 11.e4 O-O 12.Rc1 Qd8 13.e5 Nh5 14.Qe2 g6 15.cxd5 cxd5
16.Rc2 Rc8 17.Rfc1 Rxc2 18.Rxc2 Qb8 19.d4 Rc8 20.Nf1 Rc6 21.Rxc6 bxc6 22.Qc2 Qb6
23.Ne1 c5 24.dxc5 Qxc5 25.Qxc5 Nxc5 26.Ba3 Kf8 27.Bxc5 Bxc5 28.Nd3 Be7 29.f4 f5
30.Nd2 Ke8 31.Kf3 Kd7 32.Ke3 a5 33.Nf3 h6 34.Kd4 Kc6 35.Kc3 Ng7 36.Nd4+ Kb6
37.b4 axb4+ 38.Nxb4 Bc5 39.Nd3 Ba3 40.Nb3 Kb5 41.Nd4+ Kb6 42.Kb3 Be7 43.a4 g5
44.a5+ Kb7 45.Ka4 g4 46.Kb5 h5 47.Nc5+ Bxc5 48.Kxc5 Ka6 49.Nb3 h4 50.Kd4 hxg3
51.hxg3 Kb5 52.Ke3 Ka6 53.Kd3 Kb5 54.Kc3 Nh5 55.Nd4+ Kxa5 56.Nxe6 Nxg3 57.Kd3 Kb5
58.Ke3 Kc4 59.Ng7 d4+ 60.Kd2 Ne4+ 61.Ke2 g3 62.Kf1 Nc5 63.Nxf5 Ne6 64.Nxg3 Nxf4
65.Ke1 Kd5 66.Nf5 d3 67.Kd2 Kxe5 68.Ne3 Kd4 69.Nc2+ Ke4 70.Ne1  1/2-1/2

[Event "11th European Senior Team"]
[Site "Velden AUT"]
[Date "2009.04.13"]
[Round "9"]
[White "Hirsch,Ad"]
[Black "Puff,L"]
[Result "1/2-1/2"]
[WhiteElo "2057"]
[BlackElo "2032"]

1.Nf3 d5 2.g3 Nf6 3.Bg2 e6 4.c4 c6 5.Qc2 Nbd7 6.O-O Be7 7.b3 O-O 8.Bb2 b6
9.d4 Bb7 10.Nbd2 Rc8 11.Rac1 c5 12.Qb1 dxc4 13.Nxc4 Be4 14.Qa1 cxd4 15.Nxd4 Bxg2
16.Kxg2 Nc5 17.f3 Qd5 18.Rfd1 Qg5 19.f4 Qg6 20.f5 Qg4 21.Qb1 Nd5 22.Nf3 Nf4+
23.Kf2 Ne4+ 24.Qxe4 Nh3+ 25.Ke3 Qxe4+ 26.Kxe4 Nf2+ 27.Kf4 Nxd1 28.Rxd1 exf5
29.Rd7 Bc5 30.Nce5 f6 31.Nd3  1/2-1/2

[Event "K41 Scandinavian Open"]
[Site "Copenhagen DEN"]
[Date "2009.04.19"]
[Round "2"]
[White "Grandelius,N"]
[Black "Pedersen,Da"]
[Result "1-0"]
[WhiteElo "2491"]
[BlackElo "2251"]

1.Nf3 d5 2.g3 Nf6 3.Bg2 c6 4.c4 g6 5.cxd5 cxd5 6.d4 Bg7 7.Ne5 O-O 8.Nc3 e6
9.O-O Nfd7 10.f4 f5 11.b3 Nxe5 12.dxe5 Qb6+ 13.Kh1 Bd7 14.Ba3 Rc8 15.Rc1 Qa5
16.Nxd5 exd5 17.Qxd5+ Qxd5 18.Bxd5+ Kh8 19.Bxb7 Bc6+ 20.Rxc6 Nxc6 21.Rc1 Rab8
22.Bxc6 Bf8 23.Bxf8 Rb6 24.b4 Rbxc6 25.Bc5 Kg8 26.Rd1 R8c7 27.Kg2 Kf7 28.Kf3 Ra6
29.Rd2 Ke6 30.e3 Rd7 31.Bd6 Rc6 32.Rb2 Rb7 33.b5 Rc4 34.g4 Ra4 35.gxf5+ gxf5
36.Bc5 Ra5 37.Rd2 Rd7 38.Bd4 Rxb5 39.Rc2 Kd5 40.Rc8 Ra5 41.Rf8 Rxa2 42.Rxf5 Rxh2
43.Rf8 h5 44.f5 Rh3+ 45.Kf4 Rh4+ 46.Kg5 Rg4+ 47.Kf6 Ke4 48.Rh8 Rgg7 49.e6 Rc7
50.Rxh5 a5 51.Bb6 Rb7 52.Bxa5 Kxe3 53.Bd8 Rg4 54.e7 Rg8 55.Ke6 Rb8 56.f6 Re8
57.Kd7  1-0

[Event "K41 Scandinavian Open"]
[Site "Copenhagen DEN"]
[Date "2009.04.19"]
[Round "3"]
[White "Danielsen,Hen"]
[Black "Smith,Ax"]
[Result "1-0"]
[WhiteElo "2482"]
[BlackElo "2383"]

1.g3 d5 2.Nf3 g6 3.Bg2 Bg7 4.c4 c6 5.cxd5 cxd5 6.d4 Nf6 7.Nc3 O-O 8.Ne5 e6
9.Bg5 h6 10.Be3 Nbd7 11.f4 b6 12.O-O Bb7 13.Qd3 Qe7 14.Rfc1 Rfc8 15.Rc2 Ne8
16.Rac1 Nd6 17.b3 Qe8 18.a4 Bf8 19.Bd2 f5 20.g4 Ne4 21.gxf5 Nxe5 22.fxe5 Nxd2
23.Qxd2 gxf5 24.Nb5 Bc6 25.Nd6 Bxd6 26.exd6 Kh7 27.Qe3 a5 28.Kf1 Bd7 29.Rc7 Rxc7
30.Rxc7 Rc8 31.Qe5 Rxc7 32.dxc7 Qf8 33.Bf3 Bc8 34.Kf2 Qg7 35.e3 Qxe5 36.dxe5 Kg6
37.Be2 Kg5 38.Kg3 Kg6 39.Bb5 Kg7 40.Kf3 Kf7 41.h4  1-0

[Event "11th Open St-Quentin en Yvelines"]
[Site "Elancourt FRA"]
[Date "2009.04.19"]
[Round "2"]
[White "Baron,D"]
[Black "Fromentin,S"]
[Result "1-0"]
[WhiteElo "2102"]
[BlackElo "1907"]

1.g3 d5 2.Nf3 Nf6 3.Bg2 e6 4.O-O Bd6 5.b3 O-O 6.Bb2 Qe7 7.c4 c6 8.d3 Nbd7
9.Nbd2 Ba3 10.Qc1 Bxb2 11.Qxb2 Re8 12.b4 e5 13.a4 e4 14.Nd4 Qe5 15.cxd5 cxd5
16.dxe4 dxe4 17.Nc4 Qh5 18.Nb5 Ne5 19.Ne3 Bh3 20.Rfc1 Neg4 21.Rc5 g5 22.Bh1 Re6
23.Nc7 Nxe3 24.Nxe6 Bxe6 25.Qxf6 Qxh2+ 26.Kxh2 Ng4+ 27.Kg1 Nxf6 28.Rxg5+ Kf8
29.f3 exf3 30.Bxf3 Rb8 31.Rc1 b6 32.Rc7 Nd7 33.Rxa7 h6 34.Rh5 Kg7 35.Ra8 Rxa8
36.Bxa8 Kg6 37.Rh4 h5 38.a5 Nb8 39.axb6 Bg4 40.Bf3 f5 41.Bxg4 fxg4 42.Kf2  1-0

[Event "Algimantas Cesnauskas Mem"]
[Site "Panevezys LAT"]
[Date "2009.04.20"]
[Round "1"]
[White "Kovalev,An"]
[Black "Starostits,I"]
[Result "1/2-1/2"]
[WhiteElo "2515"]
[BlackElo "2464"]

1.Nf3 d5 2.g3 Nf6 3.Bg2 g6 4.O-O Bg7 5.c4 c6 6.cxd5 cxd5 7.d4 O-O 8.Ne5 Nc6
9.Nc3 Nxe5 10.dxe5 Ng4 11.Qxd5 Nxe5 12.Bf4 Nc6 13.Rfd1 Qxd5 14.Nxd5 Bg4 15.Rd2  1/2-1/2

[Event "ch-Moscow men"]
[Site "Moscow RUS"]
[Date "2009.04.24"]
[Round "2"]
[White "Kunin,V"]
[Black "Krapivin,A"]
[Result "1-0"]
[WhiteElo "2533"]
[BlackElo "2514"]

1.Nf3 d5 2.g3 e6 3.Bg2 Nf6 4.O-O Be7 5.d4 O-O 6.c4 c6 7.Nbd2 b6 8.Qc2 Bb7
9.e4 dxe4 10.Nxe4 Nbd7 11.Bf4 Nxe4 12.Qxe4 Nf6 13.Qe2 c5 14.Rad1 cxd4 15.Nxd4 Bxg2
16.Kxg2 Qc8 17.Qf3 Bc5 18.Nc6 Re8 19.b4 Bf8 20.a3 h6 21.Rd3 a5 22.b5 Nd7
23.Rfd1 Nc5 24.R3d2 a4 25.Be3 e5 26.Bxc5 e4 27.Qf4 Bxc5 28.Rd7 Rf8 29.Re7 Bxa3
30.Rdd7 Kh8 31.Rc7 Bxe7 32.Rxc8 Rfxc8 33.Nxe7 Rf8 34.Qd2 a3 35.Qa2 Rfd8 36.Nd5 Rd6
37.Kf1 f5 38.Ke2 Kh7 39.Ke3 g5 40.Kd4 Kg6 41.Ke5 Rd7 42.Ke6 Raa7 43.c5 bxc5
44.b6 Rab7 45.Qxa3 c4 46.Qc3 Rg7 47.Qxc4 Rb8 48.Ne7+ Kh5 49.Qe2+ g4 50.Qb5 Rg5
51.Nd5 Rg6+ 52.Nf6+  1-0

[Event "K41 Scandinavian Open"]
[Site "Copenhagen DEN"]
[Date "2009.04.25"]
[Round "10"]
[White "Smith,Ax"]
[Black "Lund,E"]
[Result "0-1"]
[WhiteElo "2383"]
[BlackElo "2430"]

1.Nf3 d5 2.g3 c6 3.Bg2 Bg4 4.O-O Nd7 5.d4 e6 6.Nbd2 f5 7.b3 Bd6 8.Bb2 Qf6
9.c4 Nh6 10.Ne1 f4 11.Nd3 g5 12.h3 Bf5 13.g4 Bxd3 14.exd3 O-O 15.Nf3 Nf7
16.Re1 Rae8 17.Qe2 Bb4 18.Reb1 h5 19.gxh5 Qf5 20.Nh2 Nf6 21.a3 Bd6 22.Re1 Nh6
23.Qf3 Kf7 24.Bc3 Rg8 25.Re5 Bxe5 26.dxe5 g4 27.hxg4 Nfxg4 28.Nxg4 Nxg4 29.d4 Rg5
30.Bd2 Ne3 31.fxe3 Reg8 32.exf4 Rxg2+ 33.Qxg2 Rxg2+ 34.Kxg2 Qc2 35.Rh1 Qxd2+
36.Kg3 Qxd4 37.h6 Qd3+ 38.Kf2 Qc2+ 39.Kg3 Qxb3+ 40.Kg4 Qc2  0-1

[Event "K41 Scandinavian Open"]
[Site "Copenhagen DEN"]
[Date "2009.04.25"]
[Round "10"]
[White "Jacobsen,Bo"]
[Black "Pedersen,Da"]
[Result "0-1"]
[WhiteElo "2325"]
[BlackElo "2251"]

1.Nf3 d5 2.g3 c6 3.Bg2 Bg4 4.b3 Nd7 5.Bb2 Ngf6 6.d3 Qc7 7.Nbd2 e5 8.h3 Bh5
9.e4 dxe4 10.dxe4 Bc5 11.O-O O-O 12.a3 a5 13.c3 b5 14.Qc2 Rfc8 15.Rac1 Be7
16.Nh4 a4 17.Nf5 Bf8 18.bxa4 Rxa4 19.g4 Bg6 20.c4 Qa5 21.cxb5 Qxb5 22.Rb1 Qa6
23.Rfc1 h6 24.Nc4 Re8 25.Bf1 Qa8 26.Rd1 Bc5 27.Rd2 Ra7 28.Rbd1 Qb8 29.Kh1 Nf8
30.Bg2 Rd7 31.a4 Rxd2 32.Rxd2 N6d7 33.a5 Qa7 34.Bc3 f6 35.Ncd6 Rb8 36.Ne7+ Kh7
37.Qa2 Ne6 38.Qxe6 Bxf2 39.Rd1 Nc5 40.Nxc6 Nxe6 41.Nxa7 Bxa7 42.Nf5 Rb3 43.Rd7 Rb1+
44.Kh2 Bg1+ 45.Kg3 Rb3  0-1

[Event "11th Dubai Open"]
[Site "Dubai UAE"]
[Date "2009.04.26"]
[Round "1"]
[White "Maletin,P"]
[Black "Darwish,M"]
[Result "1-0"]
[WhiteElo "2559"]
[BlackElo "2120"]

1.Nf3 d5 2.g3 Nc6 3.d4 Bf5 4.c4 e6 5.Bg2 Nb4 6.Na3 Nf6 7.O-O c6 8.Qb3 a5
9.Bd2 Ne4 10.Be1 Qc7 11.Nh4 Bg6 12.Qe3 Nf6 13.Nxg6 hxg6 14.h3 Be7 15.Bc3 dxc4
16.Qf3 Nbd5 17.Nxc4 Nxc3 18.bxc3 O-O 19.Rab1 b5 20.Ne5 Nd5 21.e4 Nb6 22.Nd3 Nc4
23.Qe2 Rac8 24.e5 Nb6 25.Rfc1 Rfd8 26.h4 Nd5 27.h5 gxh5 28.Qxh5 g6 29.Qg4 Bf8
30.Be4 Ne7 31.Kg2 Nf5 32.Nf4 Qe7 33.Nxg6 fxg6 34.Qxg6+ Bg7 35.Bxf5 exf5 36.Rh1 Qf7
37.Qh7+ Kf8 38.Rh5 Qd5+ 39.Kh2 Rc7 40.Re1 Qxa2 41.Rxf5+ Rf7 42.e6 Rxf5 43.Qxf5+ Kg8
44.Qf7+ Kh8 45.Re4  1-0

[Event "11th Dubai Open"]
[Site "Dubai UAE"]
[Date "2009.04.27"]
[Round "2"]
[White "AlHuwar,J"]
[Black "Brkic,A"]
[Result "0-1"]
[WhiteElo "2293"]
[BlackElo "2541"]

1.Nf3 d5 2.g3 g6 3.Bg2 Bg7 4.O-O e5 5.c4 d4 6.e3 Ne7 7.exd4 exd4 8.d3 a5
9.Bf4 O-O 10.Be5 Bxe5 11.Nxe5 Na6 12.Nd2 c6 13.Re1 Bf5 14.Qe2 Nb4 15.g4 Bc8
16.Nb3 a4 17.Nxd4 Qxd4 18.Nf3 Qxg4 19.Qxe7 Nxd3 20.h3 Qf5 21.Re3 Nf4 22.Ng5 Be6
23.Be4 Qa5 24.c5 Rae8 25.Qd6 Nd5 26.Ra3 Qd2 27.Qg3 Nf4 28.Qh4 h5 29.Re3 Ne2+
30.Kg2 Bd5 31.Kh2 Qxb2 32.Re1 Nc3 33.Bxg6 Rxe3 34.Bh7+ Kh8 35.Rxe3 Nd1 36.Bc2 Qxc2
37.Qxh5+ Kg8 38.Re2 Qg6 39.Qh4 f6  0-1

[Event "Open"]
[Site "Thessaloniki GRE"]
[Date "2009.04.27"]
[Round "1"]
[White "Poley,V"]
[Black "Sidiropoulos,N1"]
[Result "1-0"]
[WhiteElo "2338"]
[BlackElo "2081"]

1.Nf3 d5 2.g3 g6 3.Bg2 Bg7 4.d4 Nf6 5.O-O O-O 6.c4 dxc4 7.Na3 c3 8.bxc3 c5
9.e3 Nc6 10.Qe2 e5 11.Nxe5 Nxe5 12.dxe5 Nd5 13.Bb2 Nb6 14.Rad1 Qe7 15.f4 h5
16.Rd6 Be6 17.c4 f6 18.Qd3 fxe5 19.Bxe5 Bxe5 20.Qxg6+ Bg7 21.Rxe6 Qf7 22.Rxb6  1-0

[Event "XXII Open"]
[Site "Benidorm ESP"]
[Date "2009.04.28"]
[Round "5"]
[White "Markowski,T"]
[Black "Burmakin,V"]
[Result "1/2-1/2"]
[WhiteElo "2610"]
[BlackElo "2605"]

1.g3 d5 2.Nf3 c6 3.Bg2 Nf6 4.O-O h6 5.d3 Bf5 6.c4 dxc4 7.Ne5 Be6 8.Nxc4 Bxc4
9.dxc4 Qxd1 10.Rxd1 e5 11.b3 Nbd7 12.Bb2 Bc5 13.Nd2 O-O-O 14.e3 Rhe8 15.a3 Bf8
16.b4 Nb6 17.Rac1 Na4 18.Ba1 c5 19.Nf3 Nd7 20.Ne1 f6 21.Nd3 Kc7 22.Be4 Ndb6
23.Kf1 Be7 24.Ke2 Bf8 25.g4 Nc8 26.Rb1 Ncb6 27.Rdc1 Kb8 28.h3 Rc8 29.b5 Rcd8
30.Ne1 Nc8 31.Nf3 Nd6 32.Bg6 Re7 33.Rc2 Nb6 34.Rbc1 Red7 35.h4 Be7 36.Nd2 Bf8
37.Nb3 Na4 38.Rd2 Kc7 39.h5 Nc8 40.Rxd7+ Rxd7 41.Nd2 Nd6 42.Bc2 Nb6 43.Bb3 e4
44.a4 Re7 45.Nb1 Re8 46.Nc3 Kc8 47.a5 Nbxc4 48.Na4 Nxa5 49.Rxc5+ Kb8 50.Ba2 b6
51.Rd5 Nac4 52.Bxc4  1/2-1/2

[Event "XXII Open"]
[Site "Benidorm ESP"]
[Date "2009.04.29"]
[Round "6"]
[White "Burmakin,V"]
[Black "Vernay,C"]
[Result "1-0"]
[WhiteElo "2605"]
[BlackElo "2440"]

1.Nf3 d5 2.g3 c6 3.Bg2 Nf6 4.O-O Bg4 5.d3 Nbd7 6.h3 Bh5 7.c4 Bxf3 8.exf3 e6
9.f4 Bc5 10.Nc3 O-O 11.f5 exf5 12.cxd5 Nxd5 13.Bxd5 cxd5 14.d4 Bd6 15.Nxd5 Nb6
16.Qf3 Nxd5 17.Qxd5 f4 18.gxf4 Qf6 19.Qg5 Qxd4 20.Be3 Qe4 21.Rad1 Be7 22.Qg2 Qe6
23.Rfe1 Bb4 24.Bd4 Qg6 25.Re3 Qxg2+ 26.Kxg2 Rad8 27.Red3 b6 28.Be3 Rxd3 29.Rxd3 f6
30.a3 Bc5 31.Bxc5 bxc5 32.Rc3 Rb8 33.b3 Kf7 34.f5 Ke7 35.Rxc5 Rxb3 36.Rc7+ Kf8
37.a4 h5 38.Rxa7 Rb4 39.a5 Ra4 40.Ra8+ Kf7 41.a6  1-0

[Event "11th Dubai Open"]
[Site "Dubai UAE"]
[Date "2009.04.30"]
[Round "5"]
[White "Maletin,P"]
[Black "Grover,S"]
[Result "1-0"]
[WhiteElo "2559"]
[BlackElo "2234"]

1.Nf3 d5 2.g3 Nc6 3.d4 Bg4 4.Bg2 Qd7 5.c4 dxc4 6.d5 Bxf3 7.Bxf3 Ne5 8.Bg2 O-O-O
9.Qd4 Nc6 10.Qxc4 e6 11.Nc3 exd5 12.Qxd5 Qxd5 13.Bxd5 Nd4 14.Kf1 Rd7 15.e3 Nf6
16.Bg2 Ne6 17.Ke2 Bc5 18.Rd1 Rhd8 19.Rxd7 Rxd7 20.h3 c6 21.Bd2 Kd8 22.Rd1 Ke7
23.f4 g6 24.Be1 Rxd1 25.Nxd1 Nd7 26.b4 Bb6 27.a4 a6 28.Nb2 Bc7 29.Bc3 h5
30.Nd3 Nb6 31.a5 Nd5 32.Bd2 b6 33.axb6 Bxb6 34.Ne5 Nd8 35.Nxc6+ Kd6 36.Nxd8 Bxd8
37.e4 Nc7 38.e5+ Ke6 39.Bb7 f6 40.exf6 Bxf6 41.Be4 Kf7 42.Kd3 Ne8 43.Bd5+ Ke7
44.Bb7 Nc7 45.Be4 Kf7 46.Kc4 Be7 47.Bb7 Ke6 48.Bc8+ Kd6 49.Bb7 Ke6 50.Bc3 Kf5
51.Kd3 Ke6 52.Bd2 Bd6 53.Ke4 Kf7 54.g4 hxg4 55.hxg4 Ke6 56.g5 Be7 57.Bc8+  1-0

[Event "41st TCh-ITA"]
[Site "Senigallia ITA"]
[Date "2009.04.30"]
[Round "1"]
[White "D'Amore,C"]
[Black "Salvetti,A"]
[Result "1/2-1/2"]
[WhiteElo "2483"]
[BlackElo "2304"]

1.Nf3 d5 2.g3 Nf6 3.Bg2 c6 4.b3 Bg4 5.Bb2 Nbd7 6.h3 Bxf3 7.Bxf3 e5 8.Bg2 Bd6
9.d3 O-O 10.Nd2 Qe7 11.e4 dxe4 12.dxe4 Ba3 13.Qc1 Bxb2 14.Qxb2 Rfd8 15.O-O a5
16.Rfd1 Nc5 17.Nc4 Nfxe4 18.Re1 Rd4 19.Bxe4 Rxe4 20.Rxe4 Nxe4 21.Qxe5 Qxe5
22.Nxe5 Nc3 23.a4 Ne2+ 24.Kg2 Nd4 25.Rc1 Rd8 26.Nc4 Rd5 27.Ne3 Rd6 28.Nc4 Rd5
29.Rd1 Nxc2 30.Rxd5 cxd5 31.Nxa5 b6 32.Nc6 Kf8 33.b4 Ke8 34.a5 bxa5 35.bxa5 Kd7
36.Ne5+ Kc7 37.Nxf7 h6 38.f4 Kc6 39.Nd8+ Kb5 40.Ne6 Kxa5 41.Nxg7 Kb4 42.Kf3 Kc3
43.f5 d4 44.Ne6 d3 45.Nc5 Nd4+ 46.Kg4 d2 47.Ne4+ Kd3 48.Nxd2 Kxd2 49.Kf4 Kd3
50.f6 Nc6 51.Kf5 Nd8 52.g4 Kd4 53.h4 Kd5 54.g5 Nf7 55.Kg6 Ke6 56.gxh6 Nxh6
57.h5 Ng4 58.f7 Ne5+  1/2-1/2